000 00765nam a2200289Ia 4500
001 74371
003 IT-RoPAU
008 130308s9999 xx 000 0 und d
040 _aIT-RoPAU
040 _cIT-RoPAU
041 _aITALIANO
100 _aKaluzynski Zygmunt
100 _gCodice Aut. SPICS: 21355
245 _aDalla scrittura al cinema
245 _bDalla Scuola polacca al Nuovo Cinema 1956-1970
250 _a1a ed.
260 _aMILANO
260 _bUbulibri
260 _c1988 [1° Ed.:1988 - Ed.Ling.Originale:1970]
300 _a"2 p. (prefazione: no ; testo: 2 [pagine: 125-126])"
650 _aSTORIA NAZIONALE DEL CINEMA
650 _eCodice materia Spics: 6809
942 _cBK
957 _71
999 _c53998
_d53998
999 _bSI
999 _g1